La modernización agrícola en México: una estocada sobre la economía campesina /
Сохранить в:
| Главный автор: | |
|---|---|
| Формат: | Текст |
| Предметы: | |
| Метки: |
Добавить метку
Нет меток, Требуется 1-ая метка записи!
|
MARC
| LEADER | 00000 a a2200000 04500 | ||
|---|---|---|---|
| 001 | 45969 | ||
| 003 | |||
| 040 | |||
| 100 | |a Torres Torres, Felipe | ||
| 245 | 1 | 3 | |a La modernización agrícola en México: |b una estocada sobre la economía campesina / |c Felipe Torres Torres |
| 650 | |a MEXICO | ||
| 650 | |a EOCNOMIA | ||
| 773 | |g número55 (1991), páginas 14-17 | ||
| 999 | |c 17854 |d 17854 | ||
